000
00204 a2200097 4500
001
3377
100
_a
Shaw, M.C
245
_a
Metal cutting principles
260
_a
_b
M.I.T press
_c
090
_c
2654
_d
2654
942
_a
NUST-CAE
_c
M
_c
18380
999
_c
238450
_d
238450